| 000 | 00503nam a2200169Ia 4500 | ||
|---|---|---|---|
| 008 | 220216s9999 xx 000 0 und d | ||
| 100 | _aFlorence E J M | ||
| 245 | 0 | _aSapstain fungi of some commercially important timbers and their chemical control | |
| 260 |
_bKerala Forest Research Institute Research Report _c1992 |
||
| 300 | _a27p | ||
| 500 | _aSource Year: 1993 | ||
| 650 | _aBotryodiplodia theobromae | ||
| 650 | _aFungal diseases | ||
| 650 | _aTimber trees | ||
| 856 | _uATA | ||
| 942 | _cJS | ||
| 999 |
_c68407 _d68407 |
||